Twentieth - Century German Verse

Guardat en:
Dades bibliogràfiques
Format: Llibre
Idioma:Undetermined
Publicat: Gran Bretaña Penguin Books 1963
Matèries:
Etiquetes: Afegir etiqueta
Sense etiquetes, Sigues el primer a etiquetar aquest registre!

MARC

LEADER 00000nam a2200000Ia 4500
008 170316s9999 xx 000 0 und d
040 |a cru BVZT 
090 |a 830 T-3t 
245 |a Twentieth - Century German Verse 
260 |a Gran Bretaña  |b Penguin Books  |c 1963 
300 |a 326 páginas 
650 |a LITERATURA ALEMANA 
999 |c 7441  |d 7441 
942 |c 15 D  |h 830 T-3t  |2 z